Normal view
MARC view
- Horowitz, Paul
Entry Personal Name
001 - CONTROL NUMBER
- control field: 27732
003 - CONTROL NUMBER IDENTIFIER
- control field: IN-BhIIT
005 - DATE AND TIME OF LATEST TRANSACTION
- control field: 20260426204512.0
008 - FIXED-LENGTH DATA ELEMENTS
- fixed length control field: 260426|| aca||aabn | a|a d
040 ## - CATALOGING SOURCE
- Original cataloging agency: IN-BhIIT
- Transcribing agency: IN-BhIIT
100 ## - HEADING--PERSONAL NAME
- Personal name: Horowitz, Paul
670 ## - SOURCE DATA FOUND
- Source citation: Work cat.: (IN-BhIIT)15516: Horowitz, Paul Author, The art of electronics /, 2015.